[Event "Detroit (MI Op/6/37)"]
[Site "?"]
[Date "1994.??.??"]
[Round "?"]
[White "Almquist, W."]
[Black "Davis, Michael"]
[Result "1/2-1/2"]
[WhiteElo "1875"]
[BlackElo "1710"]
[PlyCount "90"]
[EventDate "1994.??.??"]

{6/(37)} 1. e4 c5 2. Nf3 d6 3. d4 cxd4 4. Nxd4 Nf6 5. Nc3 a6 6. Bc4 e6 7. Bb3
b5 8. Qe2 Qc7 9. O-O Be7 10. f3 O-O 11. Be3 Nbd7 12. Bxe6 Nb6 13. Bxc8 Raxc8
14. Kh1 b4 15. Nd1 Nc4 16. Bc1 a5 17. Ne3 d5 18. Nxd5 Nxd5 19. exd5 Bf6 20. Nc6
Nxb2 21. Bxb2 Bxb2 22. Ne7+ Kh8 23. Nxc8 Bxa1 24. d6 Qxc8 25. Rxa1 Re8 26. Qd2
Qd7 27. h3 h6 28. Rd1 Re6 29. Qd5 Kh7 30. Qc5 g6 31. Rd5 Kg7 32. Qd4+ Kh7 33.
Kg1 h5 34. Kf2 Kg8 35. Rxa5 Kh7 36. Ra7 Qxd6 37. Rxf7+ Kh6 38. Qxd6 Rxd6 39.
Ke3 Ra6 40. h4 Rxa2 41. Kd3 Ra3+ 42. Kc4 Rc3+ 43. Kxb4 Rxc2 44. g4 hxg4 45.
fxg4 Rh2 1/2-1/2

[Event "Detroit (Class C/4/5)"]
[Site "?"]
[Date "1994.??.??"]
[Round "?"]
[White "Alliston, Richard"]
[Black "West, Tony"]
[Result "1-0"]
[WhiteElo "1605"]
[BlackElo "1605"]
[PlyCount "56"]
[EventDate "1994.??.??"]

{4/(5)} 1. e4 c5 2. Bc4 d6 3. Nf3 Nc6 4. Nc3 Nf6 5. d3 Bg4 6. Be3 Ne5 7. Bb5+
Nfd7 8. Bxd7+ Nxd7 9. h3 Bh5 10. g4 Bg6 11. Nh4 e6 12. Nxg6 hxg6 13. Qe2 Ne5
14. f4 Nc6 15. a3 Be7 16. O-O-O a6 17. g5 e5 18. h4 b5 19. Nd5 a5 20. Nxe7 Kxe7
21. fxe5 Nxe5 22. d4 Nc4 23. dxc5 Nxe3 24. cxd6+ Ke6 25. Qxe3 b4 26. Qh3+ f5
27. exf5+ gxf5 28. Rhe1+ Kf7 1-0

[Event "Romulus (RVO/2/19)"]
[Site "?"]
[Date "1994.??.??"]
[Round "?"]
[White "Alliston, Richard"]
[Black "Vangilder, W."]
[Result "1-0"]
[WhiteElo "1610"]
[BlackElo "1605"]
[PlyCount "41"]
[EventDate "1994.??.??"]

{2/(19)} 1. d4 Nf6 2. c4 e6 3. Nc3 d5 4. e3 Bb4 5. Qc2 O-O 6. Bd3 dxc4 7. Bxc4
b6 8. Nge2 Ba6 9. Qd3 Bxc4 10. Qxc4 Qd6 11. O-O a6 12. a3 b5 13. Qd3 Ba5 14. b4
Bb6 15. Bb2 Ng4 16. Ng3 Nd7 17. Nce4 Qd5 18. Rfd1 Nde5 19. dxe5 Qxd3 20. Rxd3
Rfd8 21. Rad1 1-0

[Event "Detroit (Class C/3/9)"]
[Site "?"]
[Date "1994.??.??"]
[Round "?"]
[White "Alliston, Richard"]
[Black "Snobeck, Michael"]
[Result "1-0"]
[WhiteElo "1605"]
[BlackElo "1605"]
[PlyCount "81"]
[EventDate "1994.??.??"]

{3/(9)} 1. e4 c5 2. Bc4 d6 3. Nf3 Nc6 4. O-O Nf6 5. Nc3 Bg4 6. d3 Nd4 7. Be3
Nxf3+ 8. gxf3 Bh3 9. Re1 a6 10. a4 e5 11. Nd5 Nh5 12. f4 Nxf4 13. Bxf4 exf4 14.
Qh5 Qd7 15. Nxf4 Bg4 16. Bxf7+ Qxf7 17. Qxg4 h5 18. Qe6+ Qxe6 19. Nxe6 Kd7 20.
Nf4 Re8 21. Nd5 Be7 22. f4 Bf6 23. Kg2 Re6 24. c3 Rhe8 25. Kf3 Bh4 26. Rg1 Rg8
27. f5 Rh6 28. Raf1 g5 29. h3 Ke8 30. Nf4 Rf8 31. Nd5 Rh7 32. Ke2 Rg7 33. Nf4
Rh7 34. Ng6 Rg8 35. Nxh4 gxh4 36. Rxg8+ Kf7 37. Rfg1 Kf6 38. R1g6+ Ke5 39. Ke3
Re7 40. d4+ cxd4+ 41. cxd4# 1-0

[Event "Detroit (MOR/6/32)"]
[Site "?"]
[Date "1994.??.??"]
[Round "?"]
[White "Alliston, Richard"]
[Black "Smeckert, Dennis"]
[Result "1-0"]
[WhiteElo "1610"]
[BlackElo "1605"]
[PlyCount "89"]
[EventDate "1994.??.??"]

{6/(32)} 1. d4 d5 2. c4 e5 3. e3 exd4 4. Nf3 Nf6 5. Qxd4 Nc6 6. Qd1 Bb4+ 7. Nc3
Bxc3+ 8. bxc3 O-O 9. Qc2 Ne7 10. Ba3 c6 11. Bd3 dxc4 12. Bxc4 Bf5 13. Qb3 Qc7
14. O-O b5 15. Be2 Rfd8 16. Nd4 Bg6 17. Bxe7 Qxe7 18. Nxc6 Qc7 19. Nxd8 Qxd8
20. Rad1 Qc7 21. Rd4 Rb8 22. Rfd1 h5 23. f3 Kh7 24. Bd3 Qb6 25. Bxg6+ Kxg6 26.
Kf1 Rb7 27. e4 Kh7 28. Qc2 Ng8 29. Rd7 Rxd7 30. Rxd7 Qb8 31. g3 Qe5 32. Rd5 Qc7
33. Rxh5+ Nh6 34. Rxb5 Qc4+ 35. Qe2 Qxc3 36. Rb3 Qa1+ 37. Kg2 Qc1 38. Kh3 Qc5
39. Qe3 Qh5+ 40. Kg2 Qa5 41. Ra3 Qe5 42. Rxa7 f5 43. a4 fxe4 44. Qxe4+ Qxe4 45.
fxe4 1-0

[Event "Detroit (MOR/4/8)"]
[Site "?"]
[Date "1994.??.??"]
[Round "?"]
[White "Alliston, Richard"]
[Black "Sledge, Ernest"]
[Result "0-1"]
[WhiteElo "1630"]
[BlackElo "1790"]
[PlyCount "96"]
[EventDate "1994.??.??"]

{4/(8)} 1. e4 e5 2. Bc4 Nf6 3. d3 Be7 4. Nf3 d6 5. Nc3 c6 6. a4 O-O 7. O-O h6
8. Re1 Be6 9. Nd2 Qb6 10. Bxe6 fxe6 11. Nc4 Qc7 12. Ne3 Nbd7 13. Bd2 Rf7 14.
Ng4 Kh7 15. b3 a5 16. Qf3 Raf8 17. Be3 Qd8 18. Qh3 Nxg4 19. Qxg4 Rf6 20. g3 Qe8
21. Qh3 Qg6 22. Rf1 Rf3 23. Rae1 b6 24. Ne2 d5 25. d4 dxe4 26. dxe5 c5 27. Nf4
R8xf4 28. Bxf4 Rxf4 29. Qg2 Rf3 30. Rd1 Nxe5 31. Rfe1 Qf5 32. Re2 Kh8 33. Rde1
Rc3 34. Kh1 Nf3 35. Rd1 Kh7 36. g4 Qg6 37. Rd7 Qg5 38. Rd1 Bf6 39. Rxe4 Nh4 40.
f4 Qg6 41. Qe2 Bd4 42. Rxe6 Qxc2 43. Rd2 Qb1+ 44. Rd1 Qc2 45. Rd2 Qxb3 46. Qe4+
g6 47. Qb7+ Bg7 48. Red6 Rc1+ 0-1

[Event "Detroit (MOR/2/32)"]
[Site "?"]
[Date "1994.??.??"]
[Round "?"]
[White "Alliston, Richard"]
[Black "Rotberg, Victor"]
[Result "1/2-1/2"]
[WhiteElo "1610"]
[BlackElo "1605"]
[PlyCount "74"]
[EventDate "1994.??.??"]

{2/(32)} 1. d4 Nf6 2. c4 e6 3. Nc3 Bb4 4. Qc2 c5 5. Nf3 O-O 6. e3 d5 7. Bd3 Nc6
8. O-O h6 9. Bd2 dxc4 10. Bxc4 cxd4 11. Ne2 dxe3 12. Bxe3 Ng4 13. Bf4 Qe7 14.
Rad1 e5 15. Bg3 Be6 16. a3 Bd6 17. h3 Nf6 18. b4 Rac8 19. Bxe6 Qxe6 20. Qb1
Rfd8 21. Rfe1 Qc4 22. Nd2 Qb5 23. Nc3 Qb6 24. Nde4 Nxe4 25. Qxe4 Nxb4 26. axb4
Rxc3 27. Bxe5 Bxe5 28. Rxd8+ Qxd8 29. Qxe5 Rb3 30. Qb5 Qf6 31. Qxb7 Rb2 32.
Qxa7 Rxb4 33. Qc5 Rb8 34. g3 Qg6 35. Qe5 Rb1 36. Rxb1 Qxb1+ 37. Kg2 Qb7+
1/2-1/2

[Event "Romulus (RVO/5/13)"]
[Site "?"]
[Date "1994.??.??"]
[Round "?"]
[White "Alliston, Richard"]
[Black "Priebe, Raymond"]
[Result "1-0"]
[WhiteElo "1610"]
[BlackElo "1605"]
[PlyCount "55"]
[EventDate "1994.??.??"]

{5/(13)} 1. d4 Nf6 2. c4 e6 3. Nc3 Bb4 4. Qc2 b6 5. e4 d6 6. Bd3 Bb7 7. Bg5 h6
8. Bh4 g5 9. Bg3 c5 10. Nge2 Nbd7 11. O-O Qe7 12. Nb5 O-O 13. Bxd6 Qd8 14. Bxf8
Kxf8 15. Rad1 Nb8 16. a3 Bc6 17. axb4 Bxb5 18. cxb5 cxd4 19. e5 Ng4 20. Be4 d3
21. Rxd3 Nd7 22. Bxa8 Qxa8 23. Rxd7 Nxe5 24. Rc7 Nf3+ 25. gxf3 Qxf3 26. Rc8+
Kg7 27. Qc3+ Qxc3 28. bxc3 1-0

[Event "Detroit (Class C/1/3)"]
[Site "?"]
[Date "1994.??.??"]
[Round "?"]
[White "Alliston, Richard"]
[Black "Jensen, D."]
[Result "1-0"]
[WhiteElo "1605"]
[BlackElo "1605"]
[PlyCount "113"]
[EventDate "1994.??.??"]

{1/(3)} 1. d4 d5 2. c4 e6 3. Nc3 Nf6 4. Nf3 Be7 5. e3 O-O 6. Bd3 Nbd7 7. O-O b6
8. cxd5 exd5 9. a3 c5 10. b3 Re8 11. Bb2 Bb7 12. Rc1 Rc8 13. Qe2 Ne4 14. Rfd1
Nxc3 15. Rxc3 Bf6 16. Rcc1 Rc7 17. Qc2 g6 18. Qe2 Qc8 19. Bb5 Bg7 20. dxc5 Bxb2
21. Qxb2 bxc5 22. Be2 Qd8 23. g3 Qf6 24. Qxf6 Nxf6 25. Nd4 Nd7 26. Nb5 Rc6 27.
Rxd5 Re7 28. Rcd1 Nf6 29. Rd8+ Kg7 30. Nxa7 Rb6 31. Nb5 Be4 32. Rc1 Rd7 33.
Rxd7 Nxd7 34. f3 Bd5 35. Rc3 Bc6 36. a4 Bd5 37. e4 Be6 38. Bc4 Kf6 39. Bxe6
Kxe6 40. f4 f6 41. Nc7+ Kd6 42. Nd5 Rb7 43. Kf2 f5 44. Ke3 Rb8 45. Rd3 Ke6 46.
e5 Nb6 47. Nxb6 Rxb6 48. Rd6+ Rxd6 49. exd6 Kxd6 50. Kd3 Kc6 51. Kc4 Kb6 52.
a5+ Kc6 53. a6 Kb6 54. a7 Kxa7 55. Kxc5 Kb7 56. b4 Kc7 57. b5 1-0

[Event "Ann Arbor (HVA/2/5)"]
[Site "?"]
[Date "1994.??.??"]
[Round "?"]
[White "Alliston, Richard"]
[Black "Fleming, William"]
[Result "1-0"]
[WhiteElo "1610"]
[BlackElo "1965"]
[PlyCount "100"]
[EventDate "1994.??.??"]

{2/(5)} 1. d4 Nf6 2. c4 g6 3. Nc3 Bg7 4. e3 O-O 5. Nf3 c5 6. Bd3 a6 7. O-O d6
8. d5 e5 9. Qc2 Nh5 10. e4 f5 11. Bg5 Qe8 12. exf5 gxf5 13. Rfe1 Qg6 14. Rad1
h6 15. Bc1 Qf6 16. Be2 f4 17. Ne4 Qe7 18. Nfd2 Nf6 19. Nxf6+ Bxf6 20. Qg6+ Qg7
21. Qxg7+ Bxg7 22. Ne4 Rd8 23. b3 Bf5 24. Bh5 Bxe4 25. Rxe4 Nd7 26. Bg4 Nf6 27.
Be6+ Kf8 28. Ree1 a5 29. a4 Ke7 30. Rd3 Rf8 31. Rh3 Nh7 32. Bg4 Ng5 33. Rd3 Kd8
34. h4 Nh7 35. Rf3 Kc7 36. g3 Nf6 37. Be6 Nh5 38. Kg2 fxg3 39. fxg3 Rxf3 40.
Kxf3 Rf8+ 41. Kg2 Kd8 42. Bd2 b6 43. Re3 Nf6 44. g4 Ke7 45. Bf5 Ne8 46. Rf3 Rh8
47. g5 hxg5 48. hxg5 Rh4 49. Be6 Bh8 50. Rf7+ Kd8 1-0

[Event "Ann Arbor (HVA/4/2)"]
[Site "?"]
[Date "1994.??.??"]
[Round "?"]
[White "Alliston, Richard"]
[Black "Ashton, Jeff"]
[Result "0-1"]
[WhiteElo "1610"]
[BlackElo "1605"]
[PlyCount "102"]
[EventDate "1994.??.??"]

{4/(2)} 1. g3 d5 2. Bg2 e5 3. e4 dxe4 4. Bxe4 Nf6 5. Bg2 Bc5 6. Nh3 Bg4 7. f3
Bxh3 8. Bxh3 Nc6 9. Nc3 Qd4 10. Rf1 a6 11. a3 O-O 12. d3 Rad8 13. Bd2 b5 14.
Bg5 b4 15. axb4 Bxb4 16. Rxa6 Nb8 17. Ra8 Bxc3+ 18. bxc3 Qxc3+ 19. Ke2 Qc6 20.
Ra5 Qb6 21. Qa1 Nc6 22. Ra6 Nd4+ 23. Kd2 Qb4+ 24. Qc3 Qxc3+ 25. Kxc3 Nd5+ 26.
Kd2 f6 27. Be6+ Nxe6 28. Rxe6 fxg5 29. Rxe5 h6 30. d4 Nb6 31. Kd3 Rd5 32. Rxd5
Nxd5 33. c4 Nf6 34. d5 Kf7 35. Re1 Re8 36. Rxe8 Kxe8 37. Kd4 Ke7 38. c5 Nh7 39.
c6 Nf6 40. Ke5 h5 41. h3 g6 42. g4 h4 43. f4 gxf4 44. Kxf4 Nxd5+ 45. Kg5 Kf7
46. Kxh4 Ne7 47. Kg5 Nxc6 48. h4 Ne7 49. h5 gxh5 50. gxh5 c5 51. Kf4 c4 0-1

[Event "Ann Arbor (HVA/5/3)"]
[Site "?"]
[Date "1994.??.??"]
[Round "?"]
[White "Alliston, Richard"]
[Black "Aldrich, Jeff"]
[Result "0-1"]
[WhiteElo "1610"]
[BlackElo "1950"]
[PlyCount "56"]
[EventDate "1994.??.??"]

{5/(3)} 1. d4 Nf6 2. c4 c5 3. Nc3 cxd4 4. Qxd4 Nc6 5. Qd1 g6 6. Nf3 Bg7 7. e3
O-O 8. a3 d6 9. Be2 Nd7 10. Qc2 Nde5 11. b4 Be6 12. Nd2 Rc8 13. Bb2 Qd7 14. O-O
f5 15. Rac1 f4 16. Nd5 f3 17. Nxf3 Nxf3+ 18. Bxf3 Rxf3 19. gxf3 Bxb2 20. Qxb2
Ne5 21. Qe2 Bxd5 22. e4 Qh3 23. exd5 Nxf3+ 24. Qxf3 Qxf3 25. Rfe1 Rf8 26. Rc2
Rf5 27. Re3 Rg5+ 28. Kf1 Qd1+ 0-1

[Event "Detroit (MCO/C/7/3)"]
[Site "?"]
[Date "1994.??.??"]
[Round "?"]
[White "Allen, D."]
[Black "West, Tony"]
[Result "0-1"]
[WhiteElo "1605"]
[BlackElo "1605"]
[PlyCount "82"]
[EventDate "1994.??.??"]

{7/(3)} 1. d4 Nf6 2. Nf3 g6 3. Bg5 Bg7 4. Nbd2 O-O 5. e4 d6 6. Bc4 Nbd7 7. O-O
b6 8. e5 dxe5 9. dxe5 Ne8 10. e6 fxe6 11. Bxe6+ Kh8 12. c3 Bb7 13. Re1 Nc5 14.
Bc4 Nf6 15. Ne5 Bd5 16. Bb5 Nfe4 17. Ndf3 Bxe5 18. Bxe7 Qxe7 19. Qxd5 Bg7 20.
Qc4 Rxf3 21. Qe2 Rff8 22. f3 Rad8 23. fxe4 Nxe4 24. Qxe4 Qc5+ 25. Kh1 Qxb5 26.
Qc2 Qc5 27. Re2 Rd7 28. Rae1 Rdf7 29. Re8 Rxe8 30. Rxe8+ Rf8 31. Qe4 Rxe8 32.
Qxe8+ Qf8 33. Qxf8+ Bxf8 34. b3 Bc5 35. g4 Kg7 36. h3 Kf6 37. Kg2 Ke5 38. Kf3
a5 39. g5 Ba3 40. h4 Bb2 41. c4 Bc1 0-1

[Event "Detroit (MCO/C/6/1)"]
[Site "?"]
[Date "1994.??.??"]
[Round "?"]
[White "Allen, D."]
[Black "Strenio, G."]
[Result "0-1"]
[WhiteElo "1605"]
[BlackElo "1605"]
[PlyCount "49"]
[EventDate "1994.??.??"]

{6/(1)} 1. d4 Nf6 2. Nf3 g6 3. Bg5 Bg7 4. Nbd2 O-O 5. e3 d6 6. e4 Nbd7 7. Bc4
c5 8. c3 cxd4 9. Nxd4 Ne5 10. Qe2 a6 11. Bb3 b5 12. O-O Bb7 13. Rfd1 Nfd7 14.
f4 Nc6 15. Nxc6 Bxc6 16. Nf3 Qb6+ 17. Kh1 Rfe8 18. f5 Nc5 19. fxg6 hxg6 20. Bd5
Bxd5 21. exd5 b4 22. c4 e6 23. Qf2 Qc7 24. Rab1 exd5 25. Rxd5 $138 0-1

[Event "Warren (Warmup"]
[Site "?"]
[Date "1994.??.??"]
[Round "?"]
[White "Allen, D."]
[Black "Schey, Danny"]
[Result "1-0"]
[WhiteElo "1605"]
[BlackElo "1705"]
[PlyCount "65"]
[EventDate "1994.??.??"]

1. e4 c5 2. Nf3 Nc6 3. d4 cxd4 4. Nxd4 g6 5. Be3 Bg7 6. Nc3 Nf6 7. f3 d5 8. e5
Nd7 9. e6 Nde5 10. f4 Nc4 11. Bxc4 dxc4 12. exf7+ Kxf7 13. Nxc6 bxc6 14. Qe2
Be6 15. Rd1 Qa5 16. Bd4 Bxd4 17. Rxd4 Bd5 18. O-O Qc5 19. Qe5 e6 20. Ne4 Qe7
21. Ng5+ Kg8 22. b4 cxb3 23. axb3 Rf8 24. c4 Rf5 25. Qe3 h6 26. g4 hxg5 27.
gxf5 Qh7 28. Rf2 c5 29. Rd3 gxf4 30. Qxf4 Bc6 31. Rd8+ Kf7 32. fxe6+ Ke7 33.
Qc7+ 1-0

[Event "Detroit (MCO/C/2a/6)"]
[Site "?"]
[Date "1994.??.??"]
[Round "?"]
[White "Allen, D."]
[Black "Palmeri, S."]
[Result "1-0"]
[WhiteElo "1605"]
[BlackElo "1605"]
[PlyCount "42"]
[EventDate "1994.??.??"]

1. e4 c5 2. Nf3 d6 3. d4 cxd4 4. Nxd4 Nf6 5. Nc3 a6 6. Be3 e6 7. f3 Be7 8. Qd2
O-O 9. O-O-O Nc6 10. g4 Ne5 11. h4 b5 12. h5 Nc4 13. Bxc4 bxc4 14. g5 Nd7 15.
g6 Bf6 16. gxf7+ Kxf7 17. Nxe6 Kxe6 18. Qxd6+ Kf7 19. Qd5+ Ke8 20. Qxa8 Bxc3
21. bxc3 Rxf3 {[Remainder illegible; 1-0, 47?]} 1-0

[Event "Detroit (MCO/C/4/4)"]
[Site "?"]
[Date "1994.??.??"]
[Round "?"]
[White "Allen, D."]
[Black "Koernke, R."]
[Result "1-0"]
[WhiteElo "1605"]
[BlackElo "1605"]
[PlyCount "93"]
[EventDate "1994.??.??"]

{4/(4)} 1. e4 c5 2. Nf3 e6 3. d4 cxd4 4. Nxd4 a6 5. c4 Nf6 6. Bd3 Qc7 7. b3 Bd6
8. Bb2 Be5 9. Qe2 Bxh2 10. Nf3 Bf4 11. e5 Ng8 12. Rxh7 Rxh7 13. Bxh7 Ne7 14.
Be4 Nbc6 15. Bc2 Ng6 16. Bxg6 fxg6 17. Qe4 g5 18. g3 g4 19. Qg6+ Kf8 20. Ba3+
Ne7 21. Bxe7+ Kxe7 22. Qxg7+ Ke8 23. Qg8+ Ke7 24. gxf4 gxf3 25. Qg5+ Kf8 26.
Nd2 d5 27. exd6 Qxd6 28. O-O-O Qd4 29. Rh1 Qc3+ 30. Kb1 Qd3+ 31. Kb2 Qxd2+ 32.
Ka3 Qc3 33. Qd8+ Kf7 34. Rh7+ Kg6 35. Qg8+ Kf5 36. Rh5+ Ke4 37. Re5+ Kd3 38.
Re3+ Kd2 39. Qd8+ Kc2 40. Rxc3+ Kxc3 41. Qh8+ Kd3 42. Qe5 b5 43. Qe3+ Kc2 44.
Qe4+ Kc3 45. Qxa8 b4+ 46. Ka4 Bd7+ 47. Ka5 1-0

[Event "Warren (Warmup"]
[Site "?"]
[Date "1994.??.??"]
[Round "?"]
[White "Allen, D."]
[Black "Adleman, J."]
[Result "1/2-1/2"]
[WhiteElo "1605"]
[BlackElo "1605"]
[PlyCount "43"]
[EventDate "1994.??.??"]

1. e4 e5 2. Nf3 Nc6 3. Bc4 Bc5 4. O-O d6 5. c3 Bg4 6. d4 exd4 7. Bxf7+ Kxf7 8.
Ng5+ Qxg5 9. Qb3+ Be6 10. Qxb7 Qd8 11. Qxc6 Nf6 12. Qa4 Nxe4 13. cxd4 Bb6 14.
f3 Nf6 15. Bg5 Re8 16. Nc3 d5 17. Kh1 Bd7 18. Qd1 Qe7 19. Nxd5 Qe6 20. Nc3 {
[Remainder illegible; 1/2-1/2, 49?]} Bb5 21. Ne4 h6 22. Qd2 1/2-1/2

[Event "Eastpointe (MI Action/6/22)"]
[Site "?"]
[Date "1994.??.??"]
[Round "?"]
[White "Aldrich, Justin"]
[Black "Woods, O."]
[Result "1-0"]
[WhiteElo "1605"]
[BlackElo "1605"]
[PlyCount "107"]
[EventDate "1994.??.??"]

{6/(22)} 1. e4 e6 2. d4 d5 3. e5 c5 4. c3 Nc6 5. Nf3 Qb6 6. Be2 f6 7. exf6 Nxf6
8. Bg5 Be7 9. dxc5 Qxc5 10. Nbd2 Qb6 11. Qc2 Ng4 12. O-O O-O 13. Bxe7 Nxe7 14.
c4 Qc7 15. Rac1 e5 16. cxd5 Qd6 17. h3 Nf6 18. Qc5 Qxc5 19. Rxc5 Nfxd5 20. Nxe5
Rf5 21. Ng4 h5 22. Nh2 Rg5 23. h4 Rg6 24. Bxh5 Rh6 25. Bf3 Be6 26. Bxd5 Nxd5
27. Re1 Kf7 28. Nhf3 Rah8 29. Re4 Nf6 30. Rb4 b6 31. Rc7+ Bd7 32. Rxa7 Ke7 33.
g3 Nd5 34. Re4+ Kf7 35. Rxd7+ Ne7 36. Rdxe7+ Kf6 37. R7e6+ Kf7 38. Rxh6 Rxh6
39. Rb4 Re6 40. Ng5+ Kf6 41. Nxe6 Kxe6 42. Rxb6+ Kf5 43. Rb4 Kg6 44. Rf4 Kh5
45. Kg2 g5 46. hxg5 Kxg5 47. b4 Kh6 48. Rg4 Kh5 49. Kh3 Kh6 50. b5 Kh7 51. b6
Kh6 52. b7 Kh7 53. b8=Q Kh6 54. Qh8# 1-0

[Event "Eastpointe (MI Action/3/20)"]
[Site "?"]
[Date "1994.??.??"]
[Round "?"]
[White "Aldrich, Justin"]
[Black "Wensink, E."]
[Result "1-0"]
[WhiteElo "1605"]
[BlackElo "1605"]
[PlyCount "133"]
[EventDate "1994.??.??"]

{3/(20)} 1. e4 e5 2. Nf3 Nc6 3. Bc4 Bc5 4. d3 Nf6 5. Bg5 h6 6. Bh4 O-O 7. Nc3
Nd4 8. Nd5 Be7 9. Nxf6+ Bxf6 10. Bxf6 Qxf6 11. Nxd4 exd4 12. O-O d6 13. Rc1 c5
14. c3 Bd7 15. Bd5 Rab8 16. Qe2 Qg5 17. f4 Qh4 18. Rf3 Bg4 19. Qf2 Qxf2+ 20.
Rxf2 Be6 21. Bxe6 fxe6 22. Rcf1 e5 23. fxe5 dxe5 24. cxd4 Rxf2 25. Rxf2 cxd4
26. Rc2 Kf7 27. Rc7+ Kf6 28. h3 h5 29. Kh2 g6 30. g4 Kg5 31. gxh5 gxh5 32. b4
Kf4 33. Rh7 Kg5 34. Rf7 b6 35. Rf5+ Kg6 36. Rxe5 Rc8 37. Rd5 Rc2+ 38. Kg3 Rxa2
39. Rxd4 a5 40. Rd6+ Kf7 41. Rxb6 a4 42. b5 a3 43. Ra6 Rb2 44. b6 Rb3 45. Ra7+
Ke6 46. b7 Rxd3+ 47. Kf4 Rb3 48. Ra6+ Kd7 49. e5 Rxb7 50. Rxa3 Rb6 51. Rg3 Re6
52. Rg5 Rh6 53. Kf5 Ke7 54. Rg7+ Kf8 55. Rc7 h4 56. e6 Ke8 57. e7 Rh5+ 58. Ke6
Rh6+ 59. Kf5 Kf7 60. Kg5 Re6 61. Kxh4 Rxe7 62. Rxe7+ Kxe7 63. Kg5 Kf7 64. Kh6
Kg8 65. h4 Kh8 66. Kg6 Kg8 67. h5 1-0

[Event "Eastpointe (US Am N/1b/20)"]
[Site "?"]
[Date "1994.??.??"]
[Round "?"]
[White "Aldrich, Justin"]
[Black "Thurman, John"]
[Result "0-1"]
[WhiteElo "1605"]
[BlackElo "1740"]
[PlyCount "128"]
[EventDate "1994.??.??"]

1. e4 e5 2. Nf3 Nc6 3. Bc4 Bc5 4. d3 Nf6 5. Nc3 O-O 6. Bg5 Be7 7. O-O Nxe4 8.
Nxe4 d5 9. Bxe7 Nxe7 10. Nxe5 f6 11. Nf3 dxc4 12. dxc4 Qxd1 13. Raxd1 Bf5 14.
Rfe1 Nc6 15. a3 Rfe8 16. Nc5 Bxc2 17. Rc1 Bf5 18. Nxb7 Rxe1+ 19. Rxe1 Rb8 20.
Nh4 Bd3 21. Re3 Bxc4 22. Rc3 Bd5 23. Rc5 Ne7 24. Nf5 Nxf5 25. Rxd5 Rxb7 26.
Rxf5 Rxb2 27. h3 Rb1+ 28. Kh2 Rb6 29. a4 Rc6 30. Ra5 a6 31. Kg3 Kf7 32. f3 Ke6
33. Kg4 g6 34. f4 Rb6 35. Kf3 c5 36. Ke4 f5+ 37. Kd3 Kd5 38. Kc3 Rc6 39. Kd3
Re6 40. g4 fxg4 41. hxg4 Rf6 42. Ke3 Kc4 43. f5 gxf5 44. gxf5 Kb4 45. Rxc5 Kxc5
46. Ke4 Kb4 47. Ke5 Rxf5+ 48. Kxf5 Kxa4 49. Kg5 Kb4 50. Kh6 a5 51. Kxh7 a4 52.
Kg6 a3 53. Kf5 a2 54. Kg6 a1=Q 55. Kf5 Qd4 56. Ke6 Kc5 57. Kf5 Kd6 58. Kg6 Qf4
59. Kg7 Qf5 60. Kg8 Qf6 61. Kh7 Qg5 62. Kh8 Ke7 63. Kh7 Kf8 64. Kh8 Qg7# 0-1

[Event "Detroit (Class DE/2/22)"]
[Site "?"]
[Date "1994.??.??"]
[Round "?"]
[White "Aldrich, Justin"]
[Black "Sturgis, Derreck"]
[Result "0-1"]
[WhiteElo "1605"]
[BlackElo "1605"]
[PlyCount "142"]
[EventDate "1994.??.??"]

{2/(22)} 1. e4 c5 2. Nf3 Nc6 3. Bc4 d6 4. Ng5 e6 5. d3 d5 6. exd5 exd5 7. Qe2+
Be7 8. Bb5 Be6 9. Bxc6+ bxc6 10. Nxe6 fxe6 11. Qxe6 Qc8 12. Qxc8+ Rxc8 13. O-O
Nf6 14. Re1 Rc7 15. Bf4 Rd7 16. Nc3 O-O 17. Re6 Ne8 18. Bg3 Rf6 19. Rae1 d4 20.
Rxe7 Rxe7 21. Rxe7 Kf8 22. Rxa7 dxc3 23. bxc3 Nd6 24. Be5 Rg6 25. Rc7 Nb5 26.
Rc8+ Ke7 27. Bf4 Nxc3 28. Ra8 Ne2+ 29. Kf1 Nxf4 30. Ra4 Nxg2 31. Rc4 Rg5 32. a4
Kd7 33. a5 Kc7 34. a6 Kb6 35. Ra4 Ka7 36. c3 c4 37. Rxc4 Kxa6 38. Rxc6+ Kb5 39.
Rc4 h5 40. h3 h4 41. Rb4+ Kc5 42. Rg4 Rxg4 43. hxg4 Nf4 44. d4+ Kc4 45. g5 Kxc3
46. d5 Nxd5 47. Ke2 Kd4 48. Kf3 Ke5 49. Kg4 g6 50. Kxh4 Kf4 51. Kh3 Kxg5 52.
Kg3 Nf4 53. f3 Ne6 54. Kf2 Kf4 55. Kg2 g5 56. Kf2 Nd4 57. Kg2 Nxf3 58. Kf2 g4
59. Kg2 Ne1+ 60. Kf2 Nd3+ 61. Kg2 g3 62. Kf1 Kf3 63. Kg1 g2 64. Kh2 Kf2 65. Kh3
g1=Q 66. Kh4 Kf3 67. Kh5 Kf4 68. Kh6 Kf5 69. Kh7 Kf6 70. Kh8 Kf7 71. Kh7 Qg7#
0-1

[Event "Detroit (Class DE/5/20)"]
[Site "?"]
[Date "1994.??.??"]
[Round "?"]
[White "Aldrich, Justin"]
[Black "Kenworthy, Mark"]
[Result "1-0"]
[WhiteElo "1605"]
[BlackElo "1605"]
[PlyCount "45"]
[EventDate "1994.??.??"]

{5/(20)} 1. e4 e5 2. Nf3 Nc6 3. Bb5 Nge7 4. Nc3 a6 5. Ba4 b5 6. Bb3 Ng6 7. a3
Bc5 8. Bd5 Bb7 9. d3 b4 10. axb4 Bxb4 11. Bd2 Rb8 12. Bxc6 Bxc6 13. Rxa6 Qf6
14. Nd5 Bxd2+ 15. Qxd2 Qd6 16. Qa5 Kd8 17. Ng5 Rf8 18. Nxh7 Re8 19. Ng5 Nh8 20.
b4 Rb5 21. Ra8+ Bxa8 22. Qxa8+ Rb8 23. Qxb8# 1-0

[Event "Ann Arbor (HVA/1/5)"]
[Site "?"]
[Date "1994.??.??"]
[Round "?"]
[White "Aldrich, Justin"]
[Black "Jendras, Gerard"]
[Result "0-1"]
[WhiteElo "1605"]
[BlackElo "1845"]
[PlyCount "104"]
[EventDate "1994.??.??"]

{1/(5)} 1. e4 d5 2. exd5 Nf6 3. Nf3 Nxd5 4. Bc4 Nb6 5. Bb3 e6 6. d3 Be7 7. O-O
O-O 8. Nc3 c5 9. Re1 Nc6 10. Bd2 a6 11. Ne4 Nd5 12. Bg5 f6 13. Bh4 e5 14. Nc3
Be6 15. Qd2 Nd4 16. Nxd4 cxd4 17. Ne4 Rc8 18. Rac1 Qd7 19. c3 dxc3 20. bxc3 Ba3
21. Rc2 a5 22. Bg3 a4 23. Bxd5 Bxd5 24. Qe3 f5 25. Bxe5 fxe4 26. dxe4 Bc5 27.
Bd4 Bxd4 28. Qxd4 Be6 29. Qxd7 Bxd7 30. Rd1 Be6 31. h3 Rfd8 32. Rb1 Rd7 33. Rb4
Rc4 34. e5 Kf7 35. Rcb2 Rd1+ 36. Kh2 Rxb4 37. cxb4 b5 38. f3 Ra1 39. Rc2 Bc4
40. Rd2 Rxa2 41. Rd7+ Kg6 42. Rd6+ Kf5 43. Rd7 Bf1 44. Rxg7 Rxg2+ 45. Rxg2 Bxg2
46. Kxg2 a3 47. Kg3 Kxe5 48. Kg4 a2 49. f4+ Kf6 50. f5 a1=Q 51. Kh4 Qg1 52. Kh5
Qg5# 0-1

[Event "Detroit (MOR/3/62)"]
[Site "?"]
[Date "1994.??.??"]
[Round "?"]
[White "Aldrich, Justin"]
[Black "Fuson, G."]
[Result "1-0"]
[WhiteElo "1605"]
[BlackElo "1605"]
[PlyCount "71"]
[EventDate "1994.??.??"]

{3/(62)} 1. e4 e5 2. Nf3 Nc6 3. Bb5 a6 4. Bxc6 dxc6 5. d3 Nf6 6. Nxe5 Bd6 7.
Nf3 Bg4 8. h3 Bxf3 9. Qxf3 O-O 10. Bg5 Bb4+ 11. c3 Bc5 12. Bxf6 Qxf6 13. Qxf6
gxf6 14. O-O Bd6 15. Re1 Kh8 16. Nd2 Rg8 17. b4 b5 18. Rab1 Rg7 19. c4 Rb8 20.
c5 Be5 21. Nf3 Bc3 22. Re2 Bxb4 23. Rxb4 Rbg8 24. Nh4 a5 25. Rd4 Rg5 26. Rc2
Rh5 27. Nf5 b4 28. Rd7 Rhg5 29. g4 a4 30. Rxf7 b3 31. axb3 axb3 32. Rb2 R5g7
33. Nxg7 Rxg7 34. Rxf6 Rg6 35. Rxg6 hxg6 36. Rxb3 1-0

[Event "Eastpointe (US Am N/3/31)"]
[Site "?"]
[Date "1994.??.??"]
[Round "?"]
[White "Aldrich, Justin"]
[Black "Foord, Allan"]
[Result "0-1"]
[WhiteElo "1605"]
[BlackElo "1615"]
[PlyCount "102"]
[EventDate "1994.??.??"]

{3/(31)} 1. e4 c5 2. Nc3 Nf6 3. Bc4 Nc6 4. d3 e6 5. Bb5 Be7 6. Bg5 O-O 7. Bxc6
bxc6 8. e5 Nd5 9. Bxe7 Qxe7 10. Ne4 Ba6 11. c4 Nf4 12. g3 Ng6 13. Nf3 f5 14.
Nd6 Nxe5 15. Nxe5 Qxd6 16. Nf3 e5 17. O-O e4 18. dxe4 Qxd1 19. Rfxd1 fxe4 20.
Ng5 Bxc4 21. Nxe4 d5 22. Nxc5 Rae8 23. b3 Be2 24. Re1 d4 25. Rab1 d3 26. Rb2
Rd8 27. Rd2 Rd5 28. Na4 Re8 29. Nc3 Rde5 30. f4 Re3 31. Nxe2 Rxe2 32. Rexe2
dxe2 33. Rxe2 Rxe2 34. h4 Rxa2 35. f5 Rb2 36. b4 Rxb4 37. Kg2 a5 38. Kh3 a4 39.
h5 a3 40. g4 h6 41. f6 gxf6 42. g5 hxg5 43. Kg3 a2 44. Kf3 a1=Q 45. Kg3 Qg1+
46. Kf3 Rf4+ 47. Ke2 Qf2+ 48. Kd3 Rd4+ 49. Kc3 Qd2+ 50. Kb3 Rb4+ 51. Ka3 Qb2#
0-1